The Adventures of Huckleberry Finn (Запис № 282487)

МАРК-запис
000 -Лідер
fixed length control field 01426nam a22002537a 4500
001 - Контрольний номер
control field 2162214035926442
003 - Ідентифікатор контрольного номера
control field UA-OsUOA
005 - Дата та час останнього входження (трансакції)
control field 20251222140257.0
008 - Елементи даних фіксованої довжини – загальна інформація
fixed length control field 251222b un ||||| |||| 00| f eng d
020 ## - Міжнародний стандартний книжковий номер (ISBN)
Міжнародний стандартний книжковий номер (ISBN) (НП) 9786170704160
040 ## - Джерело каталогізації
Агенція оригінальної каталогізації UA-OsUOA
Мова каталогізації ukr
Агенція, яка здійснювала перезапис UA-OsUOA
Агенція, яка здійснювала модифікацію UA-OsUOA
041 ## - Код мови
Код мови тексту/ звукової доріжки чи окремого заголовка (П) eng
080 ## - Індекс Універсальної десяткової класифікації
Індекс Універсальної десяткової класифікації (УДК) (НП) 821.111(73)
090 ## - Локальний шифр розміщення
Класифікаційний індекс УДК 821.111(73)
Авторський знак (НП) T98
100 ## - Основне введення – ім’я особи
Ім’я особи (НП) Twain M.
9 (RLIN) 23001
245 ## - Відомості про назву
Назва (НП) The Adventures of Huckleberry Finn
Дані про відповідальність (НП) Mark Twain
260 ## - Публікація, розповсюдження і т.п. (Вихідні дані)
Місце публікації, розповсюдження і т.п. (П) Kyiv
Ім’я/ наймення видавництва, розповсюджувача і т.п. (П) Znannia
Дата публікації, розповсюдження і т.п. (П) 2017
300 ## - Фізичний опис
Обсяг 334 p.
490 ## - Область серії
Назва серії American Library
520 ## - Резюме і т.п.
Резюме, реферат, анотація, тощо (НП) “The Adventures of Huckleberry Finn” is one of Mark Twain’s best-known literary works. The story is devoted to Tom Sawyer’s best friend, homeless boy Huckleberry Finn who runs away from his brutal father-drunkard to the desert island. Here he quite unexpectedly meets up a fugitive slave Jim — the noblest character of the book. They travel together on the raft along the Mississippi. Unlooked-for adventures and dangerous trials are awaiting for them, but unselfishness, kindness, and loyalty to friendship help them stand out in complicated circumstances. The book is full of profound respect for a man, love for life and teaches to live according to simple, eternal laws of justice and humanity.
650 ## - Додаткове предметне введення – тематичний термін
Тематичний термін чи географічна назва, як елемент введення (НП) 821 Художня література окремими мовами і мовними сім'ями
9 (RLIN) 17
942 ## - Додаткові елементи входу (Коха)
Тип елемента Koha Книги
Source of classification or shelving scheme Universal Decimal Classification
955 ## - Код типу видання за змістом
Код типу видання за змістом (НП) Літературно-художні видання
Фонди
Стан вилучень Стан втрат Джерело класифікації або схеми стелажів Стан уражень Не для кредиту Постійне місце розташування Поточне розміщення Дата придбання Джерело придбання Вартість, звичайна ціна покупки Усього замовленно Повний номер виклику Штрих-код Дата останнього перегляду Дата останньої перевірки Вартість, ціна заміни Ціна ефективна від Тип елемента Koha
    Universal Decimal Classification     ВІЛ - Відділ іноземн. літератури НБ ВІЛ - Відділ іноземн. літератури НБ 08/08/2005 Акт № 5\05 5.00 1 821.111(73) T98 210047 09/02/2024 05/11/2019 5.00 26/12/2005 Книги